[Event "XXVIII Festival A"]
[Site "Arco ITA"]
[Date "2006.10.27"]
[Round "7"]
[White "Catalano, Luigi"]
[Black "Pipitone, Antonio"]
[Result "0-1"]
[WhiteElo "1808"]
[BlackElo "1978"]
[PlyCount "154"]
[EventDate "2006.10.21"]

1. e4 c5 2. h3 Nc6 3. Nf3 d6 4. a3 Nf6 5. Nc3 e6 6. Bb5 Bd7 7. O-O a6 8. Bc4 b5
9. Ba2 Be7 10. d3 O-O 11. Ne2 e5 12. Ng3 Be6 13. Bb1 d5 14. exd5 Nxd5 15. Re1
f6 16. c3 Qd7 17. Qc2 g6 18. c4 Nc7 19. b3 Bf7 20. Qd2 Rfd8 21. Ne4 Ne6 22. Qh6
Ncd4 23. Nxd4 Nxd4 24. Qh4 Qe6 25. Ra2 Nf5 26. Qg4 Ng7 27. Qg3 Nf5 28. Qg4 h5
29. Qd1 Kg7 30. f4 Qd7 31. fxe5 fxe5 32. Bg5 bxc4 33. Bxe7 Qxe7 34. Qc1 cxb3
35. Rb2 Rac8 36. Qc3 Nd4 37. Nd2 Re8 38. Nc4 Qc7 39. Qd2 Re6 40. Qg5 Rce8 41.
Ne3 Qd8 42. Qg3 Rf6 43. Nc4 Nf5 44. Qg5 Qd4+ 45. Rf2 Ree6 46. Kf1 Nd6 47. Ne3
Rxf2+ 48. Kxf2 Nf5 49. Kg1 Nxe3 50. Qxe3 Qxe3+ 51. Rxe3 Kf6 52. Kf2 Rd6 53. g3
Rd4 54. Rf3+ Ke7 55. Re3 Kd6 56. Ke2 Bd5 57. Kd2 Ra4 58. Re2 Rxa3 59. Rf2 Ke7
60. Kc3 Ra4 61. Kb2 h4 62. g4 Rf4 63. Re2 Kd6 64. d4 cxd4 65. Bxg6 e4 66. Bh5
Ke5 67. g5 e3 68. Bg4 Rf2 69. Ka3 Bc4 70. Re1 a5 71. Ra1 Ra2+ 72. Rxa2 bxa2 73.
Kb2 d3 74. g6 Kf6 75. g7 Kxg7 76. Be2 dxe2 77. Kc1 a1=Q+ 0-1

[Event "XXVIII Festival A"]
[Site "Arco ITA"]
[Date "2006.10.27"]
[Round "7"]
[White "Cottarelli, Franco"]
[Black "Loi, Andrea"]
[Result "1/2-1/2"]
[WhiteElo "1958"]
[BlackElo "2069"]
[PlyCount "20"]
[EventDate "2006.10.21"]

1. e4 d6 2. Bc4 Nf6 3. d3 c6 4. Nd2 e5 5. Ngf3 Be7 6. Bb3 Bg4 7. h3 Bh5 8. Nf1
Nbd7 9. Ne3 Bg6 10. O-O O-O 1/2-1/2

[Event "XXVIII Festival A"]
[Site "Arco ITA"]
[Date "2006.10.27"]
[Round "7"]
[White "Cracco, Pietro"]
[Black "De Nisi, Mario"]
[Result "1-0"]
[WhiteElo "2039"]
[BlackElo "1961"]
[PlyCount "68"]
[EventDate "2006.10.21"]

1. c4 e5 2. g3 Bc5 3. Bg2 f5 4. Nc3 Nf6 5. e3 Nc6 6. Nge2 d6 7. Na4 Nd7 8. a3
a6 9. Nxc5 Nxc5 10. d4 Ne4 11. O-O O-O 12. Qc2 Ng5 13. h4 Nf7 14. Rd1 Qf6 15.
b4 g5 16. hxg5 Nxg5 17. dxe5 dxe5 18. Bb2 f4 19. Nxf4 Bf5 20. Bd5+ Kh8 21. Qe2
Be4 22. Bxe4 Nxe4 23. Rd5 Rg8 24. Kg2 Rg5 25. Rh1 Rf8 26. b5 Ne7 27. Rd7 Rfg8
28. Rh3 Rf5 29. Rh5 h6 30. Rxf5 Nxf5 31. Qh5 Nexg3 32. fxg3 Nxg3 33. Qxe5 Nf5+
34. Kf2 Ng7 1-0

[Event "XXVIII Festival A"]
[Site "Arco ITA"]
[Date "2006.10.27"]
[Round "7"]
[White "Crea, Vincenzo"]
[Black "Weinberg, Emanuele"]
[Result "1/2-1/2"]
[WhiteElo "2092"]
[BlackElo "1956"]
[PlyCount "64"]
[EventDate "2006.10.21"]

1. d4 c5 2. c3 e6 3. Nf3 Nf6 4. e3 b6 5. Nbd2 Bb7 6. Bd3 Be7 7. e4 cxd4 8. cxd4
Nc6 9. O-O Nb4 10. Bb1 Ba6 11. Re1 Nd3 12. Re3 Nxc1 13. Qxc1 O-O 14. Qc2 g6 15.
Qa4 Bb7 16. Bd3 d6 17. Qb3 Rc8 18. a4 a6 19. Nc4 d5 20. Ncd2 dxe4 21. Nxe4 Nd5
22. Ree1 Nb4 23. Rac1 Nxd3 24. Qxd3 Qd7 25. Nc3 Rfd8 26. Rcd1 Bc5 27. Ne4 Qxa4
28. b3 Qb4 29. Qe3 Bxe4 30. Qxe4 Bf8 31. Ne5 Qd6 32. Qb7 Rc7 1/2-1/2

[Event "XXVIII Festival A"]
[Site "Arco ITA"]
[Date "2006.10.27"]
[Round "7"]
[White "Dalponte, Dino"]
[Black "Kaserer, Hans-Peter"]
[Result "1-0"]
[WhiteElo "2140"]
[BlackElo "1989"]
[PlyCount "79"]
[EventDate "2006.10.21"]

1. d4 d5 2. Nf3 Bg4 3. c3 e6 4. Qb3 Qc8 5. Bf4 Nf6 6. h3 Bf5 7. Nbd2 Bd6 8.
Bxd6 cxd6 9. Nh4 Bg6 10. e3 Nc6 11. Be2 Qd7 12. g4 Rb8 13. a4 Qe7 14. Ng2 Ne4
15. Nxe4 Bxe4 16. f3 Bg6 17. h4 f6 18. h5 Bf7 19. Nf4 Qd8 20. Bd3 Qa5 21. Qc2
e5 22. Ne2 h6 23. b4 Qc7 24. Kf2 Rc8 25. Qd2 Qe7 26. Bf5 Be6 27. Ng3 Nd8 28.
Rac1 Nf7 29. Qd3 Qd7 30. Bxe6 Qxe6 31. Qb5+ Qd7 32. Qxd5 O-O 33. Nf5 Kh8 34.
Nh4 Kh7 35. a5 Ng5 36. Nf5 Qa4 37. Qxb7 Qa2+ 38. Kg3 Rf7 39. Qxc8 Qe2 40. Rhf1
1-0

[Event "XXVIII Festival A"]
[Site "Arco ITA"]
[Date "2006.10.27"]
[Round "7"]
[White "Del Nevo, Claudio"]
[Black "Traversi, Carlo"]
[Result "1-0"]
[WhiteElo "1917"]
[BlackElo "1762"]
[PlyCount "67"]
[EventDate "2006.10.21"]

1. d4 Nf6 2. Nf3 g6 3. Bg5 Bg7 4. e3 d5 5. Bxf6 Bxf6 6. Bd3 Nd7 7. Nbd2 c6 8.
c3 Bg7 9. Qc2 Nf6 10. h3 a5 11. a4 Bd7 12. O-O O-O 13. Ne5 Be6 14. c4 dxc4 15.
Bxc4 Bxc4 16. Qxc4 Qd5 17. Qe2 Qd8 18. Rfc1 Nd7 19. Nxd7 Qxd7 20. Rc5 Qe6 21.
Qd3 b6 22. Rc2 Rab8 23. Rac1 Rfc8 24. b3 b5 25. axb5 Rxb5 26. Qc4 Qxc4 27. Rxc4
h5 28. Rxc6 Rxc6 29. Rxc6 e5 30. Rc5 Rxc5 31. dxc5 Bf8 32. c6 Bd6 33. Nc4 Bc7
34. Na3 1-0

[Event "XXVIII Festival A"]
[Site "Arco ITA"]
[Date "2006.10.27"]
[Round "7"]
[White "Di Lazzaro, Gabriele"]
[Black "Moro, Roberto"]
[Result "1-0"]
[WhiteElo "1986"]
[BlackElo "1670"]
[PlyCount "75"]
[EventDate "2006.10.21"]

1. e4 c5 2. Nf3 Nc6 3. c3 e6 4. d4 cxd4 5. cxd4 Bb4+ 6. Nc3 Nge7 7. Bd3 d6 8.
O-O Bxc3 9. bxc3 O-O 10. Qe2 h6 11. Nh4 f5 12. exf5 Nxf5 13. Nxf5 exf5 14. Re1
Qf6 15. Ba3 Bd7 16. Qf3 Rae8 17. Qd5+ Kh8 18. Qxd6 Qxd6 19. Bxd6 Rf6 20. Rxe8+
Bxe8 21. Ba3 Bd7 22. d5 Ne5 23. Be2 f4 24. f3 Rb6 25. c4 Bf5 26. c5 Rb1+ 27.
Rxb1 Bxb1 28. Bb2 Nd7 29. c6 bxc6 30. dxc6 Nb6 31. a3 Bf5 32. Ba6 Kg8 33. Bd4
Nc8 34. Bxc8 Bxc8 35. Bxa7 Kf7 36. Bb8 Ke7 37. Bxf4 Ba6 38. a4 1-0

[Event "XXVIII Festival A"]
[Site "Arco ITA"]
[Date "2006.10.27"]
[Round "7"]
[White "Dittmar, Peter"]
[Black "Aagaard, Jacob"]
[Result "0-1"]
[WhiteElo "2365"]
[BlackElo "2464"]
[PlyCount "110"]
[EventDate "2006.10.21"]

1. d4 d5 2. c4 c6 3. cxd5 cxd5 4. Nc3 Nc6 5. e4 dxe4 6. d5 Ne5 7. Qd4 Ng6 8.
Qxe4 Nf6 9. Bb5+ Bd7 10. Qe2 a6 11. Bc4 Rc8 12. Bb3 b5 13. a3 Qb6 14. Be3 Qd6
15. Nf3 Bg4 16. h3 Bxf3 17. Qxf3 Nh4 18. Qg3 Qxg3 19. fxg3 Nxg2+ 20. Kf2 Nxe3
21. Kxe3 g6 22. Kf3 Bg7 23. Rhe1 Nd7 24. Ne4 Ne5+ 25. Kg2 Kd7 26. Rad1 h6 27.
a4 f5 28. Nf2 Nc4 29. Nd3 Nxb2 30. Nxb2 Bxb2 31. Rb1 Ba3 32. axb5 axb5 33. Bd1
Rc5 34. Rxb5 Rxb5 35. Ba4 Kd6 36. Bxb5 Kxd5 37. g4 Rb8 38. Bd7 Kd6 39. Rd1+ Ke5
40. Re1+ Kf6 41. Re6+ Kg5 42. Kf3 Rb3+ 43. Re3 Rxe3+ 44. Kxe3 e5 45. gxf5 gxf5
46. Bc6 Bc5+ 47. Kf3 e4+ 48. Kg2 Kf4 49. Bd7 Ke5 50. Kf1 f4 51. h4 f3 52. h5 e3
53. Bb5 Bb4 54. Ba6 Kf4 55. Bd3 Kg5 0-1

[Event "XXVIII Festival A"]
[Site "Arco ITA"]
[Date "2006.10.27"]
[Round "7"]
[White "Drasko, Milan"]
[Black "Heinig, Wolfram"]
[Result "0-1"]
[WhiteElo "2547"]
[BlackElo "2364"]
[PlyCount "92"]
[EventDate "2006.10.21"]

1. d4 Nf6 2. c4 d6 3. Nf3 g6 4. g3 Bg7 5. Bg2 O-O 6. O-O Nbd7 7. Qc2 e5 8. Rd1
Re8 9. e4 c6 10. Nc3 Qe7 11. b3 exd4 12. Nxd4 Nc5 13. f3 a5 14. Rb1 Bd7 15. Be3
Rad8 16. a3 Bc8 17. Bf2 h5 18. b4 axb4 19. axb4 Ne6 20. Nde2 Nc7 21. Na4 Be6
22. Nd4 Nd7 23. h3 Ra8 24. Nxe6 Nxe6 25. Nc3 h4 26. Ne2 Ra3 27. Rb3 Rea8 28. f4
Ra2 29. Qd3 Qf6 30. Rd2 hxg3 31. Bxg3 Ndc5 32. bxc5 Nxc5 33. Rxa2 Rxa2 34. e5
dxe5 35. fxe5 Qe7 36. Qd6 Qxd6 37. exd6 Nxb3 38. d7 Bf6 39. Be5 Be7 40. Bd6 Bd8
41. Nc3 Rc2 42. Ne4 Rxc4 43. Be5 Nc5 44. Bf6 Nxe4 45. Bxd8 Nc5 46. Bf1 Rc2 0-1

[Event "XXVIII Festival A"]
[Site "Arco ITA"]
[Date "2006.10.27"]
[Round "7"]
[White "Giaracuni, Claudio"]
[Black "Moratto, Davide"]
[Result "1-0"]
[WhiteElo "1652"]
[BlackElo "1831"]
[PlyCount "34"]
[EventDate "2006.10.21"]

1. e4 c5 2. Nf3 d6 3. d4 cxd4 4. Nxd4 Nf6 5. Nc3 a6 6. Be2 e5 7. Nb3 Be6 8. Be3
Be7 9. O-O O-O 10. f4 Qc7 11. f5 Bc4 12. Kh1 Rd8 13. Bg5 Nbd7 14. g4 b5 15.
Bxf6 Nxf6 16. Rg1 h6 17. Bxc4 17... Qxc4 {...} 1-0

[Event "XXVIII Festival A"]
[Site "Arco ITA"]
[Date "2006.10.27"]
[Round "7"]
[White "Giuriato, Sergio"]
[Black "Ferrari, Michele"]
[Result "1-0"]
[WhiteElo "2013"]
[BlackElo "1843"]
[PlyCount "99"]
[EventDate "2006.10.21"]

1. d4 d5 2. c4 e6 3. Nc3 f5 4. g3 c6 5. Bg2 Bd6 6. b3 Nf6 7. Nf3 Nbd7 8. O-O
O-O 9. Bb2 Ne4 10. Qc2 Qf6 11. Nxe4 fxe4 12. Nd2 h5 13. Rad1 Qh6 14. Bxe4 dxe4
15. Nxe4 Bc7 16. d5 e5 17. d6 Bd8 18. c5 h4 19. Qc4+ Kh8 20. Bc1 Qg6 21. f4
hxg3 22. hxg3 Qf7 23. Qxf7 Rxf7 24. fxe5 Rxf1+ 25. Rxf1 Kg8 26. e6 Nf6 27. Ng5
Ba5 28. e4 Bxe6 29. Nxe6 Nxe4 30. Bf4 Re8 31. Nc7 Bxc7 32. dxc7 Nxc5 33. Rd1
Ne6 34. Rd7 Rc8 35. Bd6 Kh7 36. Kf2 Kg6 37. Ke3 a5 38. Ke4 Kf6 39. Be7+ Kf7 40.
Bd6+ Kf6 41. a4 b6 42. Kd3 g6 43. Kc4 Kf5 44. Rf7+ Kg5 45. b4 Kh6 46. b5 c5 47.
Kd5 Nd4 48. Be5 g5 49. Bxd4 cxd4 50. Kxd4 1-0

[Event "XXVIII Festival A"]
[Site "Arco ITA"]
[Date "2006.10.27"]
[Round "7"]
[White "Hackbarth, Wolfgang"]
[Black "Luciani, Carlo"]
[Result "1/2-1/2"]
[WhiteElo "2137"]
[BlackElo "2236"]
[PlyCount "84"]
[EventDate "2006.10.21"]

1. c4 Nf6 2. d4 g6 3. Nc3 Bg7 4. e4 d6 5. h3 O-O 6. Nge2 e5 7. d5 c6 8. Be3
cxd5 9. cxd5 a6 10. g4 b5 11. Ng3 Nbd7 12. Be2 Nb6 13. Qd2 Bd7 14. b3 Rc8 15.
Nd1 Qc7 16. f3 Be8 17. h4 Nfd7 18. Bd3 Nc5 19. h5 Qe7 20. Nf2 Bd7 21. Bh6 Bxh6
22. Qxh6 g5 23. Kd2 f6 24. Rhg1 Rf7 25. Rg2 Rg7 26. Nd1 Nxd3 27. Kxd3 b4 28.
Ne3 Rc3+ 29. Kd2 Rxe3 30. Kxe3 Qd8 31. Rc1 Nc8 32. Nf5 Qb6+ 33. Ke2 Rf7 34. Kd1
Bxf5 35. gxf5 Ne7 36. Rc4 Qe3 37. Rgc2 Qxf3+ 38. Kc1 Qe3+ 39. Kb1 Rf8 40. Rc7
Qe1+ 41. Kb2 Qxe4 42. Rxe7 Qd4+ 1/2-1/2

[Event "XXVIII Festival A"]
[Site "Arco ITA"]
[Date "2006.10.27"]
[Round "7"]
[White "Huettemann, Ralf"]
[Black "Geske, Julian"]
[Result "0-1"]
[WhiteElo "1949"]
[BlackElo "2148"]
[PlyCount "78"]
[EventDate "2006.10.21"]

1. c4 e5 2. Nc3 Nf6 3. g3 d5 4. cxd5 Nxd5 5. Bg2 Nb6 6. Nf3 Nc6 7. O-O Be7 8.
a3 a5 9. d3 O-O 10. Be3 Bg4 11. Rc1 Re8 12. Ne4 Nd4 13. Bxd4 exd4 14. Re1 c6
15. h3 Be6 16. Nc5 Bxc5 17. Rxc5 Bd5 18. Nh4 Qd6 19. Rc1 Bxg2 20. Nxg2 Nd5 21.
Qa4 c5 22. Qb5 b6 23. Nh4 Rad8 24. Kg2 Re6 25. Nf5 Qe5 26. e4 dxe3 27. Nxe3
Nxe3+ 28. Rxe3 Qd5+ 29. Kg1 Rxe3 30. fxe3 Qf3 31. Kh2 Qf2+ 32. Kh1 Qxe3 33. Rg1
Rxd3 34. Rg2 Rd1+ 35. Kh2 Qe1 36. g4 Qe5+ 37. Rg3 Rd2+ 38. Kh1 Qe1+ 39. Rg1
Qe4+ 0-1

[Event "XXVIII Festival A"]
[Site "Arco ITA"]
[Date "2006.10.27"]
[Round "7"]
[White "Kern, Beat"]
[Black "Idili, Leonardo"]
[Result "0-1"]
[WhiteElo "1733"]
[BlackElo "1710"]
[PlyCount "98"]
[EventDate "2006.10.21"]

1. Nf3 Nf6 2. d4 g6 3. c4 Bg7 4. Nc3 d6 5. e4 O-O 6. Be2 c5 7. d5 e6 8. O-O
exd5 9. exd5 Na6 10. a3 Nc7 11. Qc2 h6 12. h3 a6 13. Bd3 Kh7 14. Bd2 Rb8 15. a4
a5 16. Nb5 Na6 17. Bc3 Nb4 18. Qd2 Nxd3 19. Qxd3 Bf5 20. Qd1 b6 21. Re1 Qd7 22.
Kh2 g5 23. g4 Bg6 24. Nd2 Rfe8 25. Qf3 Re7 26. Qg3 Rd8 27. f3 h5 28. Rxe7 Qxe7
29. Re1 Qd7 30. Ne4 Nxe4 31. fxe4 h4 32. Qf3 Bxc3 33. Nxc3 Re8 34. Qf6 Qe7 35.
Qxe7 Rxe7 36. Kg2 f5 37. Kf3 fxg4+ 38. Kxg4 Kh6 39. Kf3 Bh5+ 40. Kg2 g4 41. Rf1
Kg6 42. Rf4 Rf7 43. Rxf7 Kxf7 44. hxg4 Bxg4 45. Nb5 Ke7 46. Nc3 Kf6 47. Kh2 Ke5
48. Nb5 Bd1 49. Nc3 Bc2 0-1

[Event "XXVIII Festival A"]
[Site "Arco ITA"]
[Date "2006.10.27"]
[Round "7"]
[White "Knors, Rudi"]
[Black "Ager, Josef"]
[Result "1/2-1/2"]
[WhiteElo "2071"]
[BlackElo "2196"]
[PlyCount "32"]
[EventDate "2006.10.21"]

1. d4 Nf6 2. Nf3 g6 3. Nbd2 d5 4. e3 Bg7 5. Bd3 Nbd7 6. O-O O-O 7. c4 c5 8.
cxd5 Nxd5 9. Ne4 cxd4 10. Nxd4 Ne5 11. Be2 Nb4 12. Bd2 Nbc6 13. Bc3 Nxd4 14.
Bxd4 Bf5 15. Ng3 Be6 16. Qa4 Bd7 1/2-1/2

[Event "XXVIII Festival A"]
[Site "Arco ITA"]
[Date "2006.10.27"]
[Round "7"]
[White "Kranebitter, Gerhard"]
[Black "Happel, Hendrik A."]
[Result "1/2-1/2"]
[WhiteElo "2091"]
[BlackElo "2213"]
[PlyCount "152"]
[EventDate "2006.10.21"]

1. e4 e6 2. d4 d5 3. Nc3 Nf6 4. e5 Nfd7 5. f4 c5 6. Nf3 Nc6 7. Be3 cxd4 8. Nxd4
Bc5 9. Qd2 Nxd4 10. Bxd4 Bxd4 11. Qxd4 Qb6 12. O-O-O Qxd4 13. Rxd4 Nb8 14. Nb5
Nc6 15. Rd2 Ke7 16. Nd4 f6 17. Nf3 fxe5 18. fxe5 Bd7 19. c3 Be8 20. c4 Rc8 21.
Kd1 dxc4 22. Bxc4 Bh5 23. Be2 Rhd8 24. Re1 Rxd2+ 25. Nxd2 Bxe2+ 26. Rxe2 Rd8
27. Kc1 Nd4 28. Re4 Rd5 29. b3 Nc6 30. Nf3 h6 31. Kc2 Rc5+ 32. Kb2 a5 33. a3
Rd5 34. Kc2 Kf7 35. g4 Kg6 36. Nh4+ Kh7 37. Nf3 Rd7 38. b4 axb4 39. axb4 Rf7
40. Nd2 Rf2 41. b5 Ne7 42. h4 Kg6 43. Kd3 Nd5 44. Nc4 Rf3+ 45. Kd4 b6 46. Nd6
Rb3 47. Kc4 Rc3+ 48. Kd4 Rc5 49. Re2 Nc7 50. h5+ Kh7 51. Rb2 Kh8 52. Ke4 Rc1
53. Nb7 Re1+ 54. Kd4 Rg1 55. Nd6 Rxg4+ 56. Kd3 Rg5 57. Rc2 Nd5 58. Rc8+ Kh7 59.
Nf7 Rxh5 60. Kd4 Rh4+ 61. Kd3 Rb4 62. Nd8 Nf4+ 63. Ke3 Ng6 64. Nxe6 Rxb5 65.
Kd4 Rxe5 66. Nf8+ Nxf8 67. Kxe5 Nd7+ 68. Kf5 Nc5 69. Rc7 Nb3 70. Rb7 b5 71. Ke5
Nd2 72. Rxb5 Nf3+ 73. Kf4 Nh4 74. Kg4 Ng6 75. Rb7 Nf8 76. Kf5 Ng6 1/2-1/2

[Event "XXVIII Festival A"]
[Site "Arco ITA"]
[Date "2006.10.27"]
[Round "7"]
[White "La Malfa, Stelio"]
[Black "Mercandelli, Claudio"]
[Result "1/2-1/2"]
[WhiteElo "1879"]
[BlackElo "2020"]
[PlyCount "96"]
[EventDate "2006.10.21"]

1. e4 e6 2. d4 d5 3. e5 b6 4. Nf3 Ba6 5. Bxa6 Nxa6 6. O-O c5 7. c3 Qd7 8. Be3
Ne7 9. Na3 Nc6 10. Nc2 Nc7 11. Rc1 c4 12. b3 cxb3 13. axb3 Na5 14. b4 Nc4 15.
Nd2 Nb2 16. Qg4 Nb5 17. Ne1 Rc8 18. Nb1 Qc6 19. f4 g6 20. Qe2 Nc4 21. Nf3 a5
22. bxa5 bxa5 23. g4 Nca3 24. Nxa3 Bxa3 25. Rc2 Qc4 26. Qxc4 Rxc4 27. Rb1 Bb4
28. cxb4 Rxc2 29. bxa5 Na7 30. Rb7 Nc8 31. Ng5 O-O 32. f5 gxf5 33. gxf5 exf5
34. Rd7 Ne7 35. Rxe7 Rb8 36. Bf2 Rb1+ 37. Kg2 Rbb2 38. Nh3 Ra2 39. Ra7 h6 40.
Ra8+ Kh7 41. a6 Ra4 42. a7 Rca2 43. Rd8 Rxa7 44. Rxd5 Rd2 45. Rd6 Raa2 46. Rd7
Kg8 47. Rd6 Kg7 48. Rd8 Rab2 1/2-1/2

[Event "XXVIII Festival A"]
[Site "Arco ITA"]
[Date "2006.10.27"]
[Round "7"]
[White "La Manna, Andrea"]
[Black "Rametta, Marcello"]
[Result "0-1"]
[WhiteElo "1931"]
[BlackElo "1780"]
[PlyCount "48"]
[EventDate "2006.10.21"]

1. d4 d5 2. c4 c6 3. Nc3 Nf6 4. cxd5 cxd5 5. f3 e6 6. e4 dxe4 7. fxe4 Bb4 8.
Bd3 Nc6 9. Nf3 h6 10. Bc2 b6 11. O-O Ba6 12. Ba4 Bxc3 13. bxc3 b5 14. Ba3 Nxe4
15. Qd3 Nd6 16. d5 Qb6+ 17. Kh1 bxa4 18. Qd1 Nc4 19. dxe6 fxe6 20. Rb1 Qc7 21.
Qe2 Nxa3 22. Qxe6+ Ne7 23. Rbd1 Bxf1 24. Ne5 Bc4 0-1

[Event "XXVIII Festival A"]
[Site "Arco ITA"]
[Date "2006.10.27"]
[Round "7"]
[White "Lupini, Stefano"]
[Black "Poletti, Fausto"]
[Result "0-1"]
[WhiteElo "1790"]
[BlackElo "2053"]
[PlyCount "112"]
[EventDate "2006.10.21"]

1. d4 Nf6 2. c4 g6 3. Nc3 Bg7 4. e4 d6 5. Nf3 O-O 6. Be2 e5 7. O-O Nc6 8. d5
Ne7 9. b4 Ne8 10. Ne1 f5 11. f3 a5 12. Nd3 axb4 13. Nxb4 b6 14. Be3 f4 15. Bf2
g5 16. a4 Bd7 17. a5 bxa5 18. Nd3 Ng6 19. c5 h5 20. c6 Bc8 21. Nb5 Nf6 22. Na7
g4 23. Nxc8 Qxc8 24. Be1 Kh8 25. Bxa5 Rg8 26. Bd2 Rxa1 27. Qxa1 gxf3 28. Bxf3
Nh4 29. Qd1 Bh6 30. Kh1 Ng4 31. Bxg4 hxg4 32. Be1 Qd8 33. Bc3 Kh7 34. Ne1 Qg5
35. Bd2 Qg6 36. Ba5 f3 37. g3 Ng2 38. Qd3 Nxe1 39. Bxe1 Ra8 40. h4 Ra4 41. Bc3
Bf8 42. Re1 Be7 43. Qc2 Ra6 44. Kg1 Kg7 45. Kf2 Qh7 46. Rh1 Qh8 47. Qb2 Qa8 48.
Bxe5+ dxe5 49. Qxe5+ Bf6 50. Qxc7+ Kh8 51. Ke3 Qf8 52. e5 Qh6+ 53. Kd4 Ra4+ 54.
Kc5 Qe3+ 55. Kb5 Qb3+ 56. Kc5 Qb4# 0-1

[Event "XXVIII Festival A"]
[Site "Arco ITA"]
[Date "2006.10.27"]
[Round "7"]
[White "Mora, Massimo"]
[Black "Tomassoni, Leonardo"]
[Result "1-0"]
[WhiteElo "1847"]
[BlackElo "2020"]
[PlyCount "135"]
[EventDate "2006.10.21"]

1. Nf3 Nf6 2. c4 e6 3. Nc3 c5 4. g3 Nc6 5. Bg2 d5 6. cxd5 exd5 7. d4 Bf5 8. O-O
Be7 9. dxc5 Bxc5 10. Bg5 d4 11. Na4 Be7 12. Rc1 Qd7 13. Rxc6 bxc6 14. Ne5 Qd6
15. Bxc6+ Bd7 16. Bxa8 Qxe5 17. Bf4 Qb5 18. b3 O-O 19. Bf3 g5 20. Bc1 Bh3 21.
Re1 Bb4 22. Bd2 Bd6 23. Nb2 Rc8 24. Nc4 Bb4 25. Bxb4 Qxb4 26. Qc1 Qc5 27. Qd2
Be6 28. e3 Qf5 29. Bg2 Bxc4 30. bxc4 dxe3 31. Qxe3 Rxc4 32. Qxa7 Rc5 33. Qa8+
Kg7 34. Qf3 Qc2 35. Qe2 Qa4 36. Qd2 h6 37. Re2 Ra5 38. h3 Qa3 39. Qb2 Qc5 40.
Rc2 Qe7 41. Qc3 Ra3 42. Qd2 Qa7 43. Kf1 Qa6+ 44. Qe2 Qb6 45. Rb2 Qc5 46. Rc2
Qb4 47. Kg1 Qb6 48. Kh2 Qa5 49. Qc4 Qb6 50. Qe2 Qa5 51. Qd2 Qe5 52. Qb4 Ra7 53.
a4 Qf5 54. Rb2 Qe5 55. Rd2 Qe1 56. Rb2 Qc1 57. Ra2 Qc8 58. a5 Qe6 59. Ra4 Qd7
60. a6 Ne8 61. Bb7 Nc7 62. Qc3+ Kg8 63. Rd4 Qe7 64. Rc4 Qe2 65. Kg2 Nxa6 66.
Rc8+ Kh7 67. Qh8+ Kg6 68. Qg8+ 1-0

[Event "XXVIII Festival A"]
[Site "Arco ITA"]
[Date "2006.10.27"]
[Round "7"]
[White "Morselli, Stefano"]
[Black "Watson, Ron"]
[Result "0-1"]
[WhiteElo "1896"]
[BlackElo "2112"]
[PlyCount "50"]
[EventDate "2006.10.21"]

1. Nf3 d5 2. c4 c6 3. b3 Nf6 4. Bb2 Bf5 5. Nd4 Bg6 6. f4 e6 7. e3 Nbd7 8. Nf3
Bd6 9. Be2 Qc7 10. O-O O-O 11. Na3 e5 12. c5 Bxc5 13. Nxe5 Nxe5 14. Bxe5 Qe7
15. Nc2 Nd7 16. Bb2 f6 17. f5 Bf7 18. Bh5 Rfe8 19. Rf4 Bb6 20. Qg4 Ne5 21. Qh3
Nd3 22. Bd4 Nxf4 23. exf4 Bxd4+ 24. Nxd4 Bxh5 25. Qxh5 Qc5 0-1

[Event "XXVIII Festival A"]
[Site "Arco ITA"]
[Date "2006.10.27"]
[Round "7"]
[White "Niccoli, Paolo"]
[Black "Dalla Vecchia, Paolo"]
[Result "0-1"]
[WhiteElo "1994"]
[BlackElo "1802"]
[PlyCount "62"]
[EventDate "2006.10.21"]

1. e4 e5 2. Nf3 Nc6 3. Bb5 a6 4. Ba4 Nf6 5. O-O Be7 6. Re1 b5 7. Bb3 d6 8. c3
O-O 9. h3 Bb7 10. d4 Re8 11. a4 h6 12. Nbd2 Bf8 13. Bc2 b4 14. Nf1 exd4 15.
cxd4 b3 16. Bb1 Na5 17. Ng3 Rb8 18. Nh2 c5 19. d5 Nc4 20. Ng4 Nxg4 21. hxg4 g6
22. f4 Bg7 23. Re2 Qh4 24. Qd3 Bd4+ 25. Kf1 Bxd5 26. exd5 Rxe2 27. Qxe2 Qxg3
28. Qf3 Qh2 29. Ke2 Re8+ 30. Kd3 Nxb2+ 31. Bxb2 Bxb2 0-1

[Event "XXVIII Festival A"]
[Site "Arco ITA"]
[Date "2006.10.27"]
[Round "7"]
[White "Pedrotti, Luciano"]
[Black "Carlozzi, Giovanni"]
[Result "0-1"]
[WhiteElo "1902"]
[BlackElo "1789"]
[PlyCount "108"]
[EventDate "2006.10.21"]

1. e4 c5 2. Nf3 Nc6 3. d4 cxd4 4. Nxd4 Nf6 5. Nc3 a6 6. Be2 e5 7. Nf3 Be7 8.
O-O O-O 9. Bg5 d6 10. Bxf6 Bxf6 11. a3 Bg4 12. Nd5 Bxf3 13. Bxf3 Bg5 14. c3 f5
15. Qb3 Na5 16. Qb4 b5 17. exf5 Rxf5 18. Ne3 Rxf3 19. gxf3 Bf4 20. Ng2 Qg5 21.
Qxd6 Rf8 22. Rae1 Nc4 23. Qe6+ Kh8 24. Re4 Nd2 25. Rxf4 exf4 26. h4 Nxf3+ 27.
Kh1 Nxh4 28. Qh3 Nxg2 29. Qxg2 Qh4+ 30. Kg1 f3 31. Qg3 h6 32. Rd1 Rf6 33. Qh2
Rg6+ 34. Kh1 Qxh2+ 35. Kxh2 Rg2+ 36. Kh3 Rxf2 37. Kg3 Rxb2 38. Kxf3 Rb3 39. Ke4
Rxc3 40. Ra1 Kh7 41. Kd5 g5 42. a4 g4 43. axb5 axb5 44. Rb1 Rf3 45. Ke4 Kg6 46.
Rxb5 h5 47. Rb1 h4 48. Rb6+ Rf6 49. Rb8 g3 50. Ke5 Rf1 51. Rg8+ Kh5 52. Ke4 Rf6
53. Rd8 Kg4 54. Rd1 g2 0-1

[Event "XXVIII Festival A"]
[Site "Arco ITA"]
[Date "2006.10.27"]
[Round "7"]
[White "Pichler, Klaus"]
[Black "Perryman, Marcus"]
[Result "0-1"]
[WhiteElo "1596"]
[BlackElo "1990"]
[PlyCount "28"]
[EventDate "2006.10.21"]

1. f4 c5 2. Nf3 Nc6 3. e3 d6 4. b3 Nf6 5. Bb2 e6 6. Be2 Be7 7. O-O O-O 8. Qe1
Bd7 9. d3 Nd5 10. Qd2 Bf6 11. Bxf6 Qxf6 12. c3 b5 13. e4 Nxf4 14. Nd4 Nxd4 0-1

[Event "XXVIII Festival A"]
[Site "Arco ITA"]
[Date "2006.10.27"]
[Round "7"]
[White "Prakken, Gerrit"]
[Black "De Napoli, Giuseppe"]
[Result "1-0"]
[WhiteElo "2180"]
[BlackElo "2032"]
[PlyCount "171"]
[EventDate "2006.10.21"]

1. d4 d5 2. c4 e6 3. Nc3 c6 4. e3 Nf6 5. Nf3 Be7 6. Bd3 O-O 7. O-O Nbd7 8. b3
Qc7 9. Bb2 Rd8 10. Qe2 Nf8 11. Rad1 Bd7 12. Ne5 Be8 13. f4 N6d7 14. e4 dxe4 15.
Nxe4 f6 16. Nxd7 Rxd7 17. Ng3 Bd6 18. Qg4 f5 19. Qf3 h6 20. Ne2 a5 21. Nc3 Bf7
22. Na4 Be7 23. c5 Rad8 24. Bc2 Rd5 25. Nb6 Nd7 26. Nxd5 cxd5 27. Bd3 Bf6 28.
Rc1 Nb8 29. a3 Be8 30. Rfd1 Nc6 31. Qe3 Qf7 32. Bc3 Bd7 33. Bf1 Qe8 34. Ra1 Ra8
35. b4 a4 36. b5 Na7 37. c6 bxc6 38. b6 Nb5 39. Bb4 Bd8 40. Bc5 Rb8 41. Rab1
Bxb6 42. Bxb6 Rxb6 43. Bxb5 cxb5 44. Rdc1 Qb8 45. Qd2 Qd6 46. Rc5 Ra6 47. g3
Kf7 48. Rbc1 Qb6 49. Rc7 Ke8 50. Qb4 Ra7 51. Rxa7 Qxa7 52. Rc5 Qb6 53. Kf2 Bc6
54. Qe1 Kd7 55. Qb4 Qa6 56. Kf3 Qb6 57. Ke3 Qa6 58. Rc3 Qa8 59. Qc5 Qa6 60. Rc1
Qa8 61. h3 g5 62. Kd3 Qa6 63. Kd2 Qa5+ 64. Rc3 Qa6 65. Qb4 Qb6 66. Kc2 Qa6 67.
Kb2 Qb6 68. Rd3 Qa6 69. Rd1 Qb6 70. Rd2 Qa6 71. Qf8 Qb6 72. Qg7+ Kd6 73. Qe5+
Ke7 74. Re2 Bd7 75. Qxd5 b4 76. Qc5+ Qxc5 77. dxc5 b3 78. Rd2 e5 79. fxe5 h5
80. Rd6 h4 81. gxh4 gxh4 82. Rh6 f4 83. Rxh4 f3 84. Rf4 Bxh3 85. Rxf3 Bd7 86.
Rf6 1-0

[Event "XXVIII Festival A"]
[Site "Arco ITA"]
[Date "2006.10.27"]
[Round "7"]
[White "Rossi, Paolo"]
[Black "Antoniacci, Riccardo"]
[Result "0-1"]
[WhiteElo "1790"]
[BlackElo "1969"]
[PlyCount "48"]
[EventDate "2006.10.21"]

1. e4 e5 2. Nf3 Nc6 3. d4 exd4 4. Nxd4 Qh4 5. Nf3 Qxe4+ 6. Be3 Nf6 7. Nbd2 Qb4
8. Bc4 d5 9. Qe2 Be6 10. Bb5 Be7 11. Nd4 Qd6 12. N4b3 O-O 13. Bc5 Qd7 14. Nf3
Bd6 15. O-O-O a6 16. Bd3 Rfe8 17. Qd2 b6 18. Be3 Nb4 19. Bg5 Nxd3+ 20. Qxd3 Ne4
21. Qe3 c5 22. Nfd2 Bf5 23. Bf4 d4 24. Qf3 Bg4 0-1

[Event "XXVIII Festival A"]
[Site "Arco ITA"]
[Date "2006.10.27"]
[Round "7"]
[White "Salati, Paolo"]
[Black "Astengo, Corrado"]
[Result "0-1"]
[WhiteElo "1921"]
[BlackElo "2128"]
[PlyCount "72"]
[EventDate "2006.10.21"]

1. e4 c5 2. Nf3 d6 3. d3 Nc6 4. g3 g6 5. Bg2 Bg7 6. O-O e6 7. c3 Nge7 8. Nbd2
O-O 9. Re1 Rb8 10. Rb1 b5 11. Nf1 b4 12. Bd2 Ba6 13. c4 Re8 14. b3 Ne5 15. Bg5
h6 16. Be3 Nxf3+ 17. Bxf3 Nc6 18. Bc1 Nd4 19. Bg2 Bb7 20. Ne3 Qd7 21. Qg4 Kh7
22. f4 f5 23. Qd1 Bc6 24. Nc2 Qb7 25. Bb2 e5 26. Nxd4 exd4 27. Qc2 fxe4 28.
Bxe4 Bxe4 29. Rxe4 Rxe4 30. dxe4 Re8 31. Re1 d3 32. Qg2 Bc3 33. Rd1 Qxe4 34.
Qxe4 Rxe4 35. Bxc3 bxc3 36. Rxd3 c2 0-1